| 000 | 00456nab a2200145Ia 4500 | ||
|---|---|---|---|
| 003 | ES-SlBCS | ||
| 005 | 20210601125251.0 | ||
| 008 | 140529s1987 xxu||||| |||| 00| 0 eng d | ||
| 041 | _aeng | ||
| 100 | 1 |
_aAiraksinen, Timo _9132454 |
|
| 245 | 0 | 0 |
_aBerkeley and the Justification of Beliefs _c Timo Airaksinen |
| 600 | 0 | 4 |
_aBerkeley-Creencias _9156137 |
| 773 | 0 |
_tPhilosophy and Phenomenological Research _gvol. 48, 1987, págs. 235-256 _wRev1411 |
|
| 942 | _cAR | ||
| 999 |
_c527514 _d527514 |
||